Writing effectively : helping children master the conventions of writing /

Bibliographic Details
Main Author: Fearn, Leif
Other Authors: Farnan, Nancy
Format: Book
Language:English
Published: Boston : Allyn and Bacon, [1998]
Subjects:

MARC

Tag First Indicator Second Indicator Subfields
LEADER 00000cam a2200000 a 4500
001 in00001403349
005 20151020055500.0
008 970407s1998 mau b 001 0 eng
010 |a  97011949  
020 |a 0205267645 
035 |a (OCoLC)36727016 
035 |9 AHN4584AM 
040 |a DLC  |c DLC  |d TXA  |d UtOrBLW 
043 |a n-us--- 
049 |a TXAM 
050 0 0 |a LB1576  |b .F393 1998 
082 0 0 |a 372.62/3  |2 21 
100 1 |a Fearn, Leif. 
245 1 0 |a Writing effectively :  |b helping children master the conventions of writing /  |c Leif Fearn and Nancy Farnan. 
264 1 |a Boston :  |b Allyn and Bacon,  |c [1998] 
264 4 |c ©1998 
300 |a viii, 152 pages ;  |c 28 cm. 
336 |a text  |b txt  |2 rdacontent 
337 |a unmediated  |b n  |2 rdamedia 
338 |a volume  |b nc  |2 rdacarrier 
504 |a Includes bibliographical references (page 150) and index. 
650 0 |a English language  |x Composition and exercises  |x Study and teaching (Elementary)  |z United States. 
650 0 |a English language  |x Composition and exercises  |x Study and teaching (Middle school)  |z United States. 
700 1 |a Farnan, Nancy. 
948 |a c:ce 
999 |a MARS 
999 f f |s dae7259b-4753-3986-a318-f4055a1a3ab5  |i 774473a7-1de8-329e-8535-0ea1d96b9349  |t 0 
952 f f |p normal  |a Texas A&M University  |b College Station  |c Sterling C. Evans Library  |d Evans: Library Stacks  |t 0  |e LB1576 .F393 1998  |h Library of Congress classification  |i unmediated -- volume  |m A14822134759 
998 f f |a LB1576 .F393 1998  |t 0  |l Evans: Library Stacks